Maqtubaat e Maulana Rome / (Record no. 524153)

000 -LEADER
fixed length control field 00469nam a22001577a 4500
003 - CONTROL NUMBER IDENTIFIER
control field NUST
038 ## - RECORD CONTENT LICENSOR
Staff Name Faiza
082 ## - DEWEY DECIMAL CLASSIFICATION NUMBER
Classification number 891.4396
Author Mark ZAI
100 ## - MAIN ENTRY--PERSONAL NAME
Personal name Zaidi, Syed Sikandar Abbas
9 (RLIN) 14977
245 ## - TITLE STATEMENT
Title Maqtubaat e Maulana Rome /
Statement of responsibility, etc. Syed Sikandar Abbas Zaidi
260 ## - PUBLICATION, DISTRIBUTION, ETC.
Place of publication, distribution, etc. Islamabad :
Name of publisher, distributor, etc. Poorab Academy,
Date of publication, distribution, etc. 2017.
300 ## - PHYSICAL DESCRIPTION
Extent 356 p. ;
880 ## - ALTERNATE GRAPHIC REPRESENTATION
Linkage 100-02\r
Title سید سکندرعباس زیدی
880 ## - ALTERNATE GRAPHIC REPRESENTATION
Linkage 245-02\r
Title مکتوبات مولانا روم
942 ## - ADDED ENTRY ELEMENTS (KOHA)
Source of classification or shelving scheme
Koha item type Book
Holdings
Withdrawn status Lost status Source of classification or shelving scheme Damaged status Not for loan Permanent Location Current Location Date acquired Total Checkouts Full call number Barcode Date last seen Price effective from Koha item type
          Central Library (CL) Central Library (CL) 06/18/2019   891.4396 ZAI CL-E-1606 06/18/2019 06/18/2019 Book
© 2023 Central Library, National University of Sciences and Technology. All Rights Reserved.